| 000 | 00939cab a2200277 4500 | ||
|---|---|---|---|
| 001 | WB3004-56 | ||
| 008 | 090401t1994 xxu||||| |||| 00| 0 eng d | ||
| 035 | _a(Sirsi) u58656 | ||
| 041 | _aeng | ||
| 245 | _aDebate over RICS role in valuations | ||
| 260 | _c1994 | ||
| 350 | _a0 | ||
| 490 |
_aEstates Times _v(1218) 21 January 1994, 1 |
||
| 490 |
_aCSW - The Property Week _v46(4) 27 January 1994,6 |
||
| 520 | _aThe Queens Moat valuation controversy has initiated consideration of RICS powers to investigate valuations by its members. The RICS president wants valuers to have access to company audit committees. | ||
| 650 | _aASSET VALUATION STANDARDS COMMITTEE | ||
| 650 | _aABOUT RICS-RICS MEMBERS | ||
| 650 | _aMONITORING | ||
| 650 | _aPROFESSIONAL STANDARDS | ||
| 650 | _aQUEENS MOAT HOTELS | ||
| 650 | _aRICS | ||
| 650 | _aVALUATION ISSUES | ||
| 690 | _aRATING AND VALUATION | ||
| 942 | _n0 | ||
| 948 | _c04/03/1997 | ||
| 999 |
_c35855 _d35855 |
||